Schalke 04 Squad 2021/2022 - Statistics

General Stats
  • This quiz has been taken 111 times
  • The average score is 22 of 36
Answer Stats
Position Nationality Player Name % Correct
TW Germany Ralf Fährmann
97%
LV Netherlands Thomas Ouwejan
94%
ZM Uruguay Rodrigo Zalazar
92%
ST Germany Simon Terodde
92%
TW Austria Michael Langer
91%
IV Senegal Salif Sane
91%
IV Japan Kou Itakura
90%
ST Germany Marius Bülter
86%
TW Austria Martin Fraisl
86%
DM Island Victor Palsson
84%
Coach Germany Mike Büskens
82%
OM North Macedonia Darko Churlinov
81%
IV Germany Malick Thiaw
77%
RV Germany Mehmet Can Aydin
77%
Ex-Coach Greece Dimitrios Grammozis
75%
RV Norway Andreas Vindheim
74%
ZM Germany Danny Latza
74%
LV Turkey/Germany Kerim Calhanoglu
73%
OM Kosovo Blendi Idrizi
72%
IV Norway Marius Lode
72%
ST Germany Marvin Pieringer
66%
OM Germany Dominick Drexler
65%
OM South Korea Dong Gyeong Lee
63%
RV Austria Reinhold Ranftl
63%
Manager Germany Rouven Schröder
61%
DM Germany Florian Flick
60%
RV Germany Henning Matriciani
60%
Director of Football Germany Peter Knäbel
47%
Coach Germany Matthias Kreutzer
39%
ZM Germany Marc Rzatkowski
28%
Coach Germany Peter Hermann
14%
Ex-Coach Germany Sven Piepenbrock
10%
Ex-Coach Netherlands Will Coort
6%
Coach Germany Simon Hentzler
1%
Coach Germany Tim Hoogland
0%
ZM Russia Yaroslav Maikhailov
0%
No matching quizzes found
Score Distribution
Percent of People with Each Score
Percentile by Number Answered
Your Score History
You have not taken this quiz